| 000 -LEADER | |
|---|---|
| fixed length control field | 00477nam a22001697a 4500 |
| 005 - DATE AND TIME OF LATEST TRANSACTION | |
| control field | 20240108131340.0 |
| 008 - FIXED-LENGTH DATA ELEMENTS--GENERAL INFORMATION | |
| fixed length control field | 190527b xxu||||| |||| 00| 0 eng d |
| 020 ## - INTERNATIONAL STANDARD BOOK NUMBER | |
| ISBN | 978-93-86700-33-9 |
| 041 ## - LANGUAGE CODE | |
| Language code of text/sound track or separate title | eng |
| 100 ## - MAIN ENTRY--AUTHOR NAME | |
| Personal name | BAKLIWAL, SUNIL R .,RANE, DR.BHUSHAN.,AND JAIN,DR. ASHAHIS.S |
| 245 ## - TITLE STATEMENT | |
| Title | A GLIMPS OF NOVEL VESICULAR DRUG DELIVERY SYSTEM |
| 250 ## - EDITION STATEMENT | |
| Edition statement | 2nd ed, |
| 260 ## - PUBLICATION, DISTRIBUTION, ETC. (IMPRINT) | |
| Place of publication | PUNE |
| Name of publisher | NIRALI PRAKASHAN |
| 300 ## - PHYSICAL DESCRIPTION | |
| Number of Pages | I.10p, |
| 650 ## - SUBJECT ADDED ENTRY--TOPICAL TERM | |
| Topical Term | PHARMACY |
| General subdivision | D.PHARMA |
| 942 ## - ADDED ENTRY ELEMENTS (KOHA) | |
| Koha item type | Books |
| Lost status | Damaged status | Collection code | Home library | Current library | Shelving location | Date acquired | Source of acquisition | Cost, normal purchase price | Accession Number | Koha item type |
|---|---|---|---|---|---|---|---|---|---|---|
| Reference | JRU Library | JRU Library | SHELF-3-B | 27/05/2019 | PURCHESS | 150.00 | 22733 | Books | ||
| PHARMACY | JRU Library | JRU Library | SHELF-19-B | 27/05/2019 | PURCHESS | 150.00 | 22734 | Books | ||
| PHARMACY | JRU Library | JRU Library | SHELF-19-B | 27/05/2019 | PURCHESS | 150.00 | 22735 | Books |